000
00281nam a22001217a 4500
082
_a
153.4
_b
DIV/G
100
_a
DIVAKARAN,M.M
245
_a
GREAT THOUGHTS OF GREAT THINKERS
260
_a
THRISSUR
_b
H& C PUBLISHING HOUSE
300
_a
96
650
_a
THOUGHTS
_z
KERALA
942
_c
BK
999
_c
3741
_d
3741